El caso Mondiú / (Registro nro. 6438)

Detalles MARC
000 -LEADER
fixed length control field 00942nam a22002657a 4500
003 - CONTROL NUMBER IDENTIFIER
control field OSt
005 - DATE AND TIME OF LATEST TRANSACTION
control field 20250414121450.0
008 - FIXED-LENGTH DATA ELEMENTS--GENERAL INFORMATION
fixed length control field 200206s2011 ck ||||er|||| 00| f spa d
020 ## - INTERNATIONAL STANDARD BOOK NUMBER
International Standard Book Number 9789588294919
040 ## - CATALOGING SOURCE
Original cataloging agency CO-JMCR
Transcribing agency CO-JMCR
082 ## - DEWEY DECIMAL CLASSIFICATION NUMBER
Classification number A-N
Item number ESPc
100 1# - MAIN ENTRY--PERSONAL NAME
Personal name España, Gonzalo,
Relator term autor
9 (RLIN) 213
245 13 - TITLE STATEMENT
Title El caso Mondiú /
Statement of responsibility, etc. Gonzalo España
250 ## - EDITION STATEMENT
Edition statement 1a. edición
260 ## - PUBLICATION, DISTRIBUTION, ETC.
Place of publication, distribution, etc. Barcelona ; Bogotá :
Name of publisher, distributor, etc. Ediciones B,
Date of publication, distribution, etc. 2011
300 ## - PHYSICAL DESCRIPTION
Extent 224 páginas ;
Dimensions 23 cm.
490 0# - SERIES STATEMENT
Series statement Narrativa. Novela Negra
500 ## - GENERAL NOTE
General note Incluye datos biográficos y fotografía del autor en solapa.
505 0# - FORMATTED CONTENTS NOTE
Formatted contents note Frutas de temporada -- Música de temporada -- La orden del cojón rayado -- El breviario de Chardelos de Lacros -- Reflejo de una calva locuaz -- El club del buey Apis
650 14 - SUBJECT ADDED ENTRY--TOPICAL TERM
Topical term or geographic name entry element Novela colombiana.
9 (RLIN) 25
650 14 - SUBJECT ADDED ENTRY--TOPICAL TERM
Topical term or geographic name entry element Novela erótica
9 (RLIN) 29
650 14 - SUBJECT ADDED ENTRY--TOPICAL TERM
Topical term or geographic name entry element Novela policíaca
9 (RLIN) 214
650 14 - SUBJECT ADDED ENTRY--TOPICAL TERM
Topical term or geographic name entry element Novela negra
9 (RLIN) 215
942 ## - ADDED ENTRY ELEMENTS (KOHA)
Source of classification or shelving scheme Dewey Decimal Classification
Koha item type Books
Existencias
Withdrawn status Lost status Source of classification or shelving scheme Damaged status Not for loan Collection code Home library Current library Shelving location Date acquired Source of acquisition Cost, normal purchase price Total Checkouts Total Renewals Full call number Barcode Date last seen Date last checked out Copy number Price effective from Koha item type
    Dewey Decimal Classification     Fiction Biblioteca Pública José María del Castillo y Rada Biblioteca Pública José María del Castillo y Rada Processing Center 12/19/2019 Donación 0.00 2 2 A-N ESPc 201809867 10/10/2025 09/17/2025 Ej.1 02/06/2020 Books